<?xml version="1.0" encoding="UTF-8"?>
<record
    xmlns:xsi="http://www.w3.org/2001/XMLSchema-instance"
    xsi:schemaLocation="http://www.loc.gov/MARC21/slim http://www.loc.gov/standards/marcxml/schema/MARC21slim.xsd"
    xmlns="http://www.loc.gov/MARC21/slim">

  <leader>00927nam a22002417a 4500</leader>
  <controlfield tag="005">20250407111525.0</controlfield>
  <controlfield tag="008">250116b           ||||| |||| 00| 0 eng d</controlfield>
  <datafield tag="020" ind1=" " ind2=" ">
    <subfield code="a">9789382069003</subfield>
  </datafield>
  <datafield tag="040" ind1=" " ind2=" ">
    <subfield code="c">AL</subfield>
  </datafield>
  <datafield tag="041" ind1=" " ind2=" ">
    <subfield code="a">Kannads</subfield>
  </datafield>
  <datafield tag="082" ind1=" " ind2=" ">
    <subfield code="2">23</subfield>
    <subfield code="a">321.80954K</subfield>
    <subfield code="b">GANB</subfield>
  </datafield>
  <datafield tag="100" ind1=" " ind2=" ">
    <subfield code="a">Gangadhar P S:</subfield>
    <subfield code="9">207739</subfield>
  </datafield>
  <datafield tag="100" ind1=" " ind2=" ">
    <subfield code="b"> &#xC97;&#xC82;&#xC97;&#xCBE;&#xCA7;&#xCB0;&#xCCD; &#xCAA;&#xCBF; &#xC8E;&#xCB8;&#xCCD; </subfield>
    <subfield code="9">207740</subfield>
  </datafield>
  <datafield tag="245" ind1=" " ind2=" ">
    <subfield code="a">Bharata Samvidhana mattu Rajakiya: </subfield>
    <subfield code="b">&#xCAD;&#xCBE;&#xCB0;&#xCA4; &#xCB8;&#xC82;&#xCB5;&#xCBF;&#xCA7;&#xCBE;&#xCA8; &#xCAE;&#xCA4;&#xCCD;&#xCA4;&#xCC1; &#xCB0;&#xCBE;&#xC9C;&#xC95;&#xCC0;&#xCAF;</subfield>
  </datafield>
  <datafield tag="260" ind1=" " ind2=" ">
    <subfield code="a">Bangalore</subfield>
    <subfield code="b">Chaitra Prakashana</subfield>
    <subfield code="c">2024</subfield>
  </datafield>
  <datafield tag="300" ind1=" " ind2=" ">
    <subfield code="a">ix,636p.</subfield>
    <subfield code="b">PB</subfield>
    <subfield code="c">24x18cm.</subfield>
  </datafield>
  <datafield tag="365" ind1=" " ind2=" ">
    <subfield code="2">Political Science</subfield>
    <subfield code="a">BLCR-000062</subfield>
    <subfield code="b">480.00</subfield>
    <subfield code="c">&#x20B9;</subfield>
    <subfield code="d">600.00</subfield>
    <subfield code="e">20%</subfield>
    <subfield code="f">07-01-2025</subfield>
  </datafield>
  <datafield tag="650" ind1=" " ind2=" ">
    <subfield code="a">Competitive Examination</subfield>
    <subfield code="9">193688</subfield>
  </datafield>
  <datafield tag="650" ind1=" " ind2=" ">
    <subfield code="a">IAS KAS KES PSI FDA SDA PDO PC Group C</subfield>
    <subfield code="9">193689</subfield>
  </datafield>
  <datafield tag="650" ind1=" " ind2=" ">
    <subfield code="a">Constitution and Politics of India</subfield>
    <subfield code="9">193901</subfield>
  </datafield>
  <datafield tag="700" ind1=" " ind2=" ">
    <subfield code="a">GANGADHARA (P S): &#xC97;&#xC82;&#xC97;&#xCBE;&#xCA7;&#xCB0; (&#xCAA;&#xCBF; &#xC8E;&#xCB8;&#xCCD;) </subfield>
    <subfield code="9">193690</subfield>
  </datafield>
  <datafield tag="942" ind1=" " ind2=" ">
    <subfield code="2">ddc</subfield>
    <subfield code="c">BK</subfield>
  </datafield>
  <datafield tag="999" ind1=" " ind2=" ">
    <subfield code="c">233642</subfield>
    <subfield code="d">233642</subfield>
  </datafield>
  <datafield tag="952" ind1=" " ind2=" ">
    <subfield code="0">0</subfield>
    <subfield code="1">0</subfield>
    <subfield code="2">ddc</subfield>
    <subfield code="4">0</subfield>
    <subfield code="7">0</subfield>
    <subfield code="8">PS</subfield>
    <subfield code="a">AL</subfield>
    <subfield code="b">AL</subfield>
    <subfield code="d">2025-01-07</subfield>
    <subfield code="e">Navakarnataka Publications Pvt. Ltd. Mangaluru-575001</subfield>
    <subfield code="g">480.00</subfield>
    <subfield code="l">1</subfield>
    <subfield code="o">321.80954K GANB</subfield>
    <subfield code="p">077499</subfield>
    <subfield code="r">2025-09-12 09:38:41</subfield>
    <subfield code="s">2025-07-08</subfield>
    <subfield code="v">600.00</subfield>
    <subfield code="w">2025-01-16</subfield>
    <subfield code="y">BK</subfield>
  </datafield>
</record>
